| 000 | 00690nam a2200229 4500 | ||
|---|---|---|---|
| 003 | OSt | ||
| 005 | 20240731024549.0 | ||
| 006 | a | ||
| 008 | 240731b |||||||| |||| 00| 0 eng d | ||
| 020 | _a9780071283410 | ||
| 040 |
_aDWCL-Main lib. _cOC |
||
| 082 |
_2Fifth edition _aCirc. 612 S161a 2010 |
||
| 100 | _aSaladin, Kenneth S. | ||
| 245 | _aAnatomy and physiology : the unity of form and function / | ||
| 250 | _aFifth edition | ||
| 260 |
_aBoston : _bMcGraw-Hill, _cc2010. |
||
| 300 |
_axxviii, _b(various paging) : col ill. ; _c28 cm. |
||
| 504 | _aIncludes index. | ||
| 650 | _a1. Human anatomy. | ||
| 650 | _a2. Physiology. | ||
| 942 |
_2ddc _n0 _cBK-CIRC _eFifth edition _kCirc. |
||
| 999 |
_c3007 _d3007 |
||